=LDR 00000nam 2200000 4500 =001 INLIS000000000026353 =005 20130612124811 =008 ***********************************Ind** =035 ##$$a0010-061300000026353 =041 ##$$a Ind =082 ##$$a 371.102 =090 ##$$a 371.102, Alf b =100 ##$$a Alfianto, Ari Agus =245 ##$$a Buku pintar sukses belajar untuk SD-SMP, Ari Agus Alfianto =260 ##$$a 1998 $b Surabaya =300 ##$$a 112 hlm, 21 cm =650 ##$$a Pendidikan =850 ##$$a NBPNMAT =990 ##$$a 90347/BPAP-NTB/2014